[Event "21st World Senior Chess Championship"]
[Site "Opatija"]
[Date "2011.11.24"]
[Round "9.4"]
[White "Kelleher, William"]
[Black "Kovacevic, Vlatko"]
[Result "0-1"]
[WhiteElo "2300"]
[BlackElo "2482"]
[PlyCount "64"]
[EventDate "2011.11.24"]

1. e4 e6 2. d4 d5 3. e5 c5 4. c3 Ne7 5. Nf3 Nec6 6. a3 a5 7. Bd3 b6 8. O-O Ba6
9. Bxa6 Nxa6 10. Qe2 Be7 11. b4 cxb4 12. axb4 Nc7 13. bxa5 bxa5 14. Ba3 O-O 15.
c4 dxc4 16. Qxc4 Nb4 17. Nc3 Ncd5 18. Ne4 Qb6 19. Rfc1 h6 20. g3 Rfb8 21. Nc5
Qb5 22. Nd2 g5 23. Nde4 Qxc4 24. Rxc4 Nb6 25. Rcc1 Rd8 26. Bxb4 axb4 27. Nb3
Ra3 28. Rab1 Nd5 29. Rc6 Kg7 30. Nd6 Bxd6 31. exd6 Nc3 32. Rb2 Rxb3 0-1

[Event "21st World Senior Chess Championship"]
[Site "Opatija"]
[Date "2011.11.24"]
[Round "9.5"]
[White "Hulak, Krunoslav"]
[Black "Danner, Georg"]
[Result "1/2-1/2"]
[WhiteElo "2480"]
[BlackElo "2406"]
[PlyCount "158"]
[EventDate "2011.11.24"]

1. d4 Nf6 2. c4 e6 3. Nf3 Nc6 4. g3 d5 5. Bg2 Bb4+ 6. Bd2 Be7 7. O-O O-O 8. Qc2
dxc4 9. Qxc4 Qd5 10. Rc1 Rd8 11. Qxd5 exd5 12. Bf4 Ne8 13. h3 h6 14. g4 Bd6 15.
Bxd6 Rxd6 16. Nc3 Ne7 17. b4 a6 18. a4 f6 19. e3 Be6 20. Ne1 Bf7 21. Nd3 Rdd8
22. Nc5 Nd6 23. b5 axb5 24. Nxb5 Nxb5 25. axb5 Rxa1 26. Rxa1 b6 27. Na6 Ra8 28.
Bf1 Rc8 29. Rc1 c6 30. bxc6 Rxc6 31. Rxc6 Nxc6 32. Nc7 Kf8 33. Na8 h5 34. gxh5
Bxh5 35. Nxb6 Nb4 36. Bg2 Bf7 37. h4 Ke7 38. Bf3 Kd6 39. Na4 Nc6 40. Kh2 Ne7
41. Nc3 Bg6 42. Ne2 Bf7 43. Bg4 Ng8 44. Ng3 Nh6 45. Bh5 g6 46. Bd1 Ng8 47. Bc2
Ne7 48. Kg2 Be8 49. Kf3 Bc6 50. Kf4 Ke6 51. Ne2 Bb5 52. Nc3 Bc4 53. Ba4 Nf5 54.
Kg4 Nh6+ 55. Kh3 Bf1+ 56. Kh2 Nf5 57. Bb3 Bc4 58. Bxc4 dxc4 59. Kh3 Ne7 60. Kg3
Kd6 61. Kf4 Nc6 62. f3 Nb4 63. e4 Nd3+ 64. Ke3 Ne1 65. Kf2 Nd3+ 66. Kg3 Nb4 67.
f4 Nc2 68. d5 Nb4 69. f5 gxf5 70. h5 Ke7 71. d6+ Kf7 72. exf5 Kg7 73. d7 Nc6
74. Nd5 Kh6 75. Kf4 Nd8 76. Ke4 Kxh5 77. Nxf6+ Kg5 78. Nd5 Nf7 79. f6 c3
1/2-1/2

[Event "21st World Senior Chess Championship"]
[Site "Opatija"]
[Date "2011.11.24"]
[Round "9.6"]
[White "Suba, Mihai"]
[Black "Okhotnik, Vladimir"]
[Result "0-1"]
[WhiteElo "2458"]
[BlackElo "2427"]
[PlyCount "86"]
[EventDate "2011.11.24"]

1. c4 Nf6 2. Nc3 d5 3. cxd5 Nxd5 4. g3 g6 5. Bg2 Nxc3 6. bxc3 c5 7. Rb1 Nc6 8.
h4 Qc7 9. h5 Bg7 10. Qb3 Na5 11. Qa3 Bd7 12. d3 O-O 13. hxg6 hxg6 14. c4 Rab8
15. Bd2 b6 16. Nf3 Nc6 17. Qc1 Ne5 18. Bh6 Ng4 19. Bg5 f6 20. Bd2 Kf7 21. Nh2
Nxh2 22. Rxh2 Bc6 23. Bxc6 Qxc6 24. Qc2 Rh8 25. Rxh8 Rxh8 26. Be3 Bh6 27. Kd2
Qg2 28. Bxh6 Rxh6 29. Qa4 Qxf2 30. Qxa7 Qxg3 31. Qxb6 Qg5+ 32. Kc2 Qe3 33. Re1
Rh2 34. Kd1 g5 35. Qb8 Qf2 36. a4 g4 37. a5 g3 38. a6 Qxe1+ 39. Kxe1 Rh1+ 40.
Kd2 g2 41. a7 g1=Q 42. Kc2 Qd1+ 43. Kc3 Qa1+ 0-1

[Event "21st World Senior Chess Championship"]
[Site "Opatija"]
[Date "2011.11.24"]
[Round "9.7"]
[White "Balashov, Yuri S"]
[Black "Turikov, Viktor"]
[Result "1/2-1/2"]
[WhiteElo "2443"]
[BlackElo "2270"]
[PlyCount "59"]
[EventDate "2011.11.24"]

1. e4 Nc6 2. Nf3 e6 3. d4 Nf6 4. e5 Nd5 5. c4 Nb6 6. Nc3 d6 7. exd6 cxd6 8. d5
Ne5 9. dxe6 Bxe6 10. c5 Nxf3+ 11. Qxf3 dxc5 12. Bf4 c4 13. Rd1 Qc8 14. Be2 Be7
15. Nb5 O-O 16. Nc7 Bf6 17. Nxa8 Qxa8 18. b3 c3 19. O-O Qc8 20. Qg3 Nd5 21. Bd6
Rd8 22. Bc4 c2 23. Rc1 Nc3 24. Rfe1 Bf5 25. Bd3 Bxd3 26. Qxd3 Qc6 27. Rxc2 Rxd6
28. Rxc3 Bxc3 29. Qxc3 h6 30. Qxc6 1/2-1/2

[Event "21st World Senior Chess Championship"]
[Site "Opatija"]
[Date "2011.11.24"]
[Round "9.10"]
[White "Pritchett, Craig W"]
[Black "Kuyindzi, Alexander V"]
[Result "1-0"]
[WhiteElo "2343"]
[BlackElo "2435"]
[PlyCount "95"]
[EventDate "2011.11.24"]

1. e4 e5 2. Nf3 Nc6 3. Bb5 f5 4. d3 fxe4 5. dxe4 Nf6 6. O-O Nxe4 7. Nxe5 Qf6 8.
Ng4 Qg6 9. Re1 Be7 10. Qd5 Nd6 11. Bxc6 dxc6 12. Qg5 Qf7 13. h3 h6 14. Qf4 Bf5
15. Ne3 Be6 16. Qxf7+ Kxf7 17. Nc3 Rhf8 18. Ng4 Bxg4 19. hxg4 Bf6 20. Bf4 Nc4
21. Bxc7 Rfe8 22. Ne4 Bxb2 23. Rab1 b5 24. Rxb2 Rxe4 25. Rxe4 Nxb2 26. Bd6 Rd8
27. Bc5 Rd7 28. Rd4 Rc7 29. Rd8 Na4 30. Rf8+ Ke6 31. Be3 Nc3 32. a3 Nd5 33. Bc5
Nf6 34. Ra8 Nxg4 35. Bxa7 Rd7 36. g3 Rd2 37. c3 Ne5 38. Kg2 g5 39. Bd4 Nd3 40.
Rh8 Ne1+ 41. Kh3 Nf3 42. Rxh6+ Kd5 43. Be3 Rd3 44. Rg6 Rxc3 45. Kg2 Ke4 46. Rf6
Ne5 47. Bxg5 Rxa3 48. Bf4 1-0

[Event "21st World Senior Chess Championship"]
[Site "Opatija"]
[Date "2011.11.24"]
[Round "9.11"]
[White "Shvedchikov, Anatoli I"]
[Black "Filipenko, Alexander V"]
[Result "1/2-1/2"]
[WhiteElo "2423"]
[BlackElo "2353"]
[PlyCount "33"]
[EventDate "2011.11.24"]

1. d4 d5 2. Nf3 Nf6 3. Bf4 c5 4. c3 Nc6 5. e3 Qb6 6. Qb3 c4 7. Qc2 Bf5 8. Qc1
h6 9. h3 e6 10. Nbd2 Qd8 11. Ne5 Nxe5 12. Bxe5 Be7 13. b3 b5 14. a4 a6 15. Be2
O-O 16. O-O Qd7 17. Qb2 1/2-1/2

[Event "21st World Senior Chess Championship"]
[Site "Opatija"]
[Date "2011.11.24"]
[Round "9.13"]
[White "Mishuchkov, Nikolai M"]
[Black "Sloth, Jorn"]
[Result "1-0"]
[WhiteElo "2418"]
[BlackElo "2349"]
[PlyCount "151"]
[EventDate "2011.11.24"]

1. d4 Nf6 2. Nf3 e6 3. c4 b6 4. g3 Bb7 5. Bg2 Bb4+ 6. Bd2 a5 7. O-O O-O 8. Bg5
Be7 9. Qc2 c5 10. Nc3 cxd4 11. Nxd4 Bxg2 12. Kxg2 Qc8 13. Ne4 Qb7 14. f3 Nxe4
15. Bxe7 Re8 16. Ba3 Nc5 17. Rfd1 Nba6 18. Nb5 Red8 19. Rd6 Nc7 20. Bxc5 bxc5
21. a4 Ne8 22. Rd3 d6 23. Rad1 Qc6 24. Qd2 Ra6 25. Qg5 f6 26. Qd2 Kf7 27. e4
Ke7 28. Qe3 Qb7 29. Qf4 h6 30. h4 Qc6 31. h5 Rb6 32. Qg4 Rd7 33. b3 Kf7 34. Kh2
Ke7 35. R1d2 Kf7 36. Qg6+ Kf8 37. f4 Rbb7 38. Kg1 Rb8 39. g4 Rbd8 40. g5 Rf7
41. e5 hxg5 42. h6 gxh6 43. Qxh6+ Ke7 44. Nxd6 Nxd6 45. Rxd6 Rxd6 46. exd6+ Kd8
47. d7 Rxd7 48. Qxf6+ Kc7 49. Qe5+ Kb7 50. Rxd7+ Qxd7 51. fxg5 Qd1+ 52. Kf2
Qxb3 53. Qxe6 Qxa4 54. Qe4+ Ka7 55. g6 Qa1 56. Qe7+ Ka6 57. Qd6+ Kb7 58. Qd7+
Kb6 59. Qb5+ Ka7 60. Qxc5+ Ka6 61. Qd6+ Kb7 62. Qe7+ Ka6 63. Qe6+ Kb7 64. Qf7+
Kb6 65. g7 Qd4+ 66. Kf3 Qd3+ 67. Kg4 Qe4+ 68. Kg5 Qg2+ 69. Kh6 Qh3+ 70. Qh5
Qe3+ 71. Kh7 Qe7 72. Qb5+ Ka7 73. Qxa5+ Kb7 74. Qd5+ Ka7 75. Qd4+ Ka6 76. Kh8
1-0

[Event "21st World Senior Chess Championship"]
[Site "Opatija"]
[Date "2011.11.24"]
[Round "9.14"]
[White "Pushkov, Nikolai"]
[Black "Chernov, Evgen"]
[Result "1/2-1/2"]
[WhiteElo "2395"]
[BlackElo "2311"]
[PlyCount "144"]
[EventDate "2011.11.24"]

1. d4 Nf6 2. Nf3 e6 3. c4 d5 4. Nc3 Bb4 5. cxd5 exd5 6. Qa4+ Nc6 7. Bg5 h6 8.
Bxf6 Qxf6 9. e3 O-O 10. Rc1 Rd8 11. Bb5 a5 12. a3 Bf8 13. Ne2 Bd6 14. Nc3 Ne7
15. O-O c6 16. Be2 Bf5 17. Qd1 Ng6 18. h3 Re8 19. Bd3 Be6 20. Nh2 Bd7 21. Qh5
Nf8 22. Na4 Bc7 23. Nc5 Bc8 24. Ng4 Qg5 25. Qxg5 hxg5 26. Rfe1 b6 27. Na4 Bd7
28. Bc2 Re7 29. Nh2 Rae8 30. g4 g6 31. Nf3 f6 32. Kg2 Kg7 33. Ra1 Ne6 34. b4
Ra8 35. Nc3 b5 36. Reb1 axb4 37. axb4 Rxa1 38. Rxa1 Bd6 39. Rb1 Re8 40. Ne1 Ra8
41. Nd3 Nc7 42. Nc5 Bc8 43. Rb2 Ra3 44. Rb3 Rxb3 45. Bxb3 f5 46. f3 Kf6 47. Kf2
Na6 48. Nxa6 Bxa6 49. Na2 Bc8 50. Bc2 Be6 51. Ke2 f4 52. Kd3 Kg7 53. Bd1 Kf6
54. Be2 Kg7 55. Kc3 Bf7 56. Nc1 fxe3 57. Nd3 Kf6 58. Ne1 Bg3 59. Nc2 Bf4 60.
Kd3 Be6 61. Nxe3 Bxe3 62. Kxe3 Bd7 63. f4 gxf4+ 64. Kxf4 g5+ 65. Ke3 Be6 66.
Bd3 Bd7 67. Kf3 Be6 68. Kg3 Bd7 69. h4 Bc8 70. Bh7 Bd7 71. Kh3 Bc8 72. Bd3 Bd7
1/2-1/2

[Event "21st World Senior Chess Championship"]
[Site "Opatija"]
[Date "2011.11.24"]
[Round "9.15"]
[White "Karasev, Vladimir I"]
[Black "Golcman, Evgeny"]
[Result "1/2-1/2"]
[WhiteElo "2377"]
[BlackElo "2250"]
[PlyCount "60"]
[EventDate "2011.11.24"]

1. d4 c5 2. d5 g6 3. Nc3 Bg7 4. e4 d6 5. Nf3 Nf6 6. Be2 O-O 7. O-O Na6 8. Bf4
Nc7 9. a4 a6 10. Nd2 Bd7 11. Nc4 b5 12. Nb6 Rb8 13. Nxd7 Qxd7 14. axb5 Nxb5 15.
Nxb5 axb5 16. Bf3 Ra8 17. Qd2 Ng4 18. c3 Ne5 19. Be2 f5 20. exf5 Rxa1 21. Rxa1
Qxf5 22. Be3 Nc4 23. Bxc4 bxc4 24. Rd1 Rb8 25. h3 h5 26. Bg5 Rb7 27. Be3 Qd3
28. Qc1 Qf5 29. Qa1 Kh7 30. Qc1 Bf6 1/2-1/2

[Event "21st World Senior Chess Championship"]
[Site "Opatija"]
[Date "2011.11.24"]
[Round "9.16"]
[White "Rajkovic, Dusan"]
[Black "Jorgensen, Jorgen"]
[Result "1-0"]
[WhiteElo "2416"]
[BlackElo "2198"]
[PlyCount "121"]
[EventDate "2011.11.24"]

1. c4 f5 2. d4 Nf6 3. g3 g6 4. Bg2 Bg7 5. Nc3 d6 6. Nf3 O-O 7. O-O c6 8. d5 e5
9. dxe6 Bxe6 10. b3 Ne4 11. Nxe4 fxe4 12. Nd4 Qe7 13. Bf4 d5 14. Rc1 Na6 15.
Qd2 Bf7 16. cxd5 Bxd5 17. Rfd1 Rf7 18. Nc2 Bf6 19. Be3 Nc7 20. Qb4 Nb5 21. Qxe7
Bxe7 22. Rd2 a5 23. a4 Nc7 24. Rb1 Na6 25. Bb6 Nb4 26. Ne3 Bg5 27. h4 Bh6 28.
Rdd1 Re7 29. Bc5 Ree8 30. Bxb4 Bxe3 31. fxe3 axb4 32. Rd4 Re6 33. Rxb4 c5 34.
Rb5 b6 35. Bh3 Rf6 36. b4 Rxa4 37. bxc5 bxc5 38. Rxc5 Ba8 39. Rb8+ Kg7 40. g4
Ra1+ 41. Kg2 Ra2 42. Kg3 Rf8 43. Rc7+ Kg8 44. Rxf8+ Kxf8 45. Rxh7 Bd5 46. Rd7
Be6 47. Rd4 Rxe2 48. Rxe4 Bd5 49. Re5 Bb7 50. Bf1 Re1 51. Bc4 Bc8 52. Kf4 Rg1
53. Be6 Ba6 54. Kg5 Bd3 55. Bd5 Be2 56. Re4 Kg7 57. Re7+ Kf8 58. Rf7+ Ke8 59.
Rf4 Ke7 60. Bf3 Bd3 61. Be4 1-0

[Event "21st World Senior Chess Championship"]
[Site "Rijeka"]
[Date "2011.11.24"]
[Round "9.19"]
[White "Klundt, Klaus"]
[Black "Frick, Christoph"]
[Result "1-0"]
[WhiteElo "2383"]
[BlackElo "2218"]
[PlyCount "83"]
[EventDate "2011.11.24"]

1. e4 c6 2. d4 d5 3. exd5 cxd5 4. c4 Nf6 5. Nc3 Nc6 6. Bg5 dxc4 7. d5 Ne5 8.
Qd4 h6 9. Bh4 Ng6 10. Bg3 e6 11. Bxc4 exd5 12. O-O-O Be7 13. Bb5+ Kf8 14. Nf3
Bf5 15. Bd3 Qc8 16. Bxf5 Qxf5 17. Qd3 Qg4 18. Rhe1 Bb4 19. Kb1 Bxc3 20. Qxc3
Kg8 21. Ne5 Nxe5 22. Bxe5 Rc8 23. Qd3 Nd7 24. Bd4 h5 25. Re7 Nf8 26. f3 Qg5 27.
Re5 Qd8 28. Qf5 Rh6 29. Rxd5 Qc7 30. Bc3 Re6 31. Qxh5 Rb6 32. R5d3 Rh6 33. Qe5
Qxe5 34. Bxe5 Re6 35. Bc3 Kh7 36. f4 Re2 37. Rh3+ Kg8 38. Rg3 g6 39. f5 Re4 40.
Rh3 Nh7 41. fxg6 fxg6 42. Rd7 1-0

[Event "21st World Senior Chess Championship"]
[Site "Rijeka"]
[Date "2011.11.24"]
[Round "9.20"]
[White "Singer, Hans"]
[Black "Katalymov, Boris"]
[Result "1-0"]
[WhiteElo "2254"]
[BlackElo "2374"]
[PlyCount "77"]
[EventDate "2011.11.24"]

1. Nf3 e6 2. d4 f5 3. g3 d5 4. Bg2 Bd6 5. Bf4 Bxf4 6. gxf4 Nh6 7. c4 O-O 8.
Nbd2 Nd7 9. e3 c6 10. Qb3 a5 11. cxd5 exd5 12. a4 Ra6 13. Qc3 Nf7 14. b4 axb4
15. Qxb4 Nf6 16. O-O h6 17. a5 g5 18. fxg5 hxg5 19. Ne5 Nxe5 20. dxe5 Ng4 21.
Qc3 Re8 22. f4 gxf4 23. exf4 Re7 24. h3 Nh6 25. Nf3 Rg7 26. Kf2 Be6 27. Rg1 Nf7
28. Bf1 Rxg1 29. Kxg1 Ra8 30. Ra2 Kh7 31. Nd4 Qe7 32. Rg2 Rg8 33. Rxg8 Kxg8 34.
Kh2 c5 35. Nxe6 Qxe6 36. Qxc5 Kg7 37. Bg2 Qh6 38. Qd4 Qa6 39. e6+ 1-0

[Event "21st World Senior Chess Championship"]
[Site "Rijeka"]
[Date "2011.11.24"]
[Round "9.21"]
[White "Jadrijevic, Ante"]
[Black "Sorensen, Bent"]
[Result "0-1"]
[WhiteElo "2231"]
[BlackElo "2321"]
[PlyCount "74"]
[EventDate "2011.11.24"]

1. d4 d5 2. Nf3 e6 3. c3 Bd6 4. Bg5 Ne7 5. Nbd2 O-O 6. e4 f6 7. Bh4 Nd7 8. Bd3
Ng6 9. Bg3 Nf4 10. Bxf4 Bxf4 11. g3 Bh6 12. exd5 exd5 13. Kf1 c5 14. Kg2 cxd4
15. cxd4 Nb6 16. Qc2 g6 17. Rae1 Bd7 18. h3 Rc8 19. Qb1 Nc4 20. Nf1 Re8 21.
N1h2 Bg7 22. Ng4 f5 23. Nge5 Nxe5 24. Nxe5 Bxe5 25. dxe5 d4 26. f3 Qa5 27. Kf2
Rxe5 28. Rxe5 Qxe5 29. Re1 Qd5 30. h4 Bb5 31. Re7 Rc3 32. Qe1 Rxd3 33. Re8+
Bxe8 34. Qxe8+ Kg7 35. Qe7+ Qf7 36. Qe5+ Qf6 37. Qc7+ Kh6 0-1

[Event "21st World Senior Chess Championship"]
[Site "Rijeka"]
[Date "2011.11.24"]
[Round "9.22"]
[White "Giulian, Philip M"]
[Black "Kristiansen, Erling"]
[Result "1-0"]
[WhiteElo "2294"]
[BlackElo "2193"]
[PlyCount "66"]
[EventDate "2011.11.24"]

1. d4 Nf6 2. c4 g6 3. Nc3 d5 4. e3 Bg7 5. Qb3 dxc4 6. Bxc4 O-O 7. Nf3 Nc6 8.
Be2 b6 9. O-O Bb7 10. Rd1 Na5 11. Qc2 c5 12. d5 Qc8 13. e4 Rd8 14. Bg5 h6 15.
Bh4 g5 16. Bg3 Nh5 17. Be5 f6 18. Bg3 Nxg3 19. hxg3 e6 20. Nh2 f5 21. dxe6 Bxc3
22. Qxc3 Qxe6 23. e5 Kg7 24. g4 f4 25. Bd3 Rd4 26. Nf3 Qxg4 27. Bf5 Rxd1+ 28.
Rxd1 Qxf5 29. e6+ Kg8 30. Rd7 Qg6 31. Ne5 Qe4 32. Nc6 Qb1+ 33. Kh2 Qg6 1-0

[Event "21st World Senior Chess Championship"]
[Site "Rijeka"]
[Date "2011.11.24"]
[Round "9.23"]
[White "Altshul, Raffael"]
[Black "Lederman, Leon"]
[Result "0-1"]
[WhiteElo "2222"]
[BlackElo "2267"]
[PlyCount "68"]
[EventDate "2011.11.24"]

1. Nf3 d5 2. e3 Nf6 3. c4 c6 4. b3 Bf5 5. Bb2 e6 6. Nc3 h6 7. Be2 Nbd7 8. O-O
Be7 9. d4 O-O 10. h3 Ne4 11. Nxe4 Bxe4 12. Bd3 Bxd3 13. Qxd3 f5 14. Rfd1 Qe8
15. Rac1 g5 16. Ne5 Nxe5 17. dxe5 Qf7 18. Rc2 Rad8 19. Qe2 Qg6 20. Rcd2 Bb4 21.
Rd3 Rf7 22. a3 Bf8 23. b4 h5 24. b5 g4 25. h4 g3 26. cxd5 cxd5 27. Bd4 b6 28.
fxg3 Qxg3 29. Qxh5 Rg7 30. R3d2 Rg4 31. Rc2 Rc8 32. Rcd2 Bg7 33. a4 Bxe5 34.
Bxe5 Qxe3+ 0-1

[Event "21st World Senior Chess Championship"]
[Site "Rijeka"]
[Date "2011.11.24"]
[Round "9.25"]
[White "Gundersen, Helge"]
[Black "Kolbak, Jens"]
[Result "1/2-1/2"]
[WhiteElo "2212"]
[BlackElo "2262"]
[PlyCount "96"]
[EventDate "2011.11.24"]

1. f4 d5 2. Nf3 g6 3. e3 Bg7 4. Be2 c5 5. O-O Nf6 6. d3 O-O 7. Nc3 Nc6 8. e4 d4
9. Nb1 a6 10. a4 Bd7 11. Nbd2 b5 12. Ne5 Nxe5 13. fxe5 Ne8 14. Nf3 bxa4 15. Qe1
f6 16. Qh4 Nc7 17. Bh6 Ne6 18. Bxg7 Kxg7 19. exf6+ exf6 20. Nd2 f5 21. Qxd8
Raxd8 22. exf5 gxf5 23. Bf3 Ng5 24. b3 Nxf3+ 25. Rxf3 Rde8 26. bxa4 Re2 27. Rf2
Re5 28. a5 Bb5 29. Nf3 Rd5 30. Nd2 Re8 31. Raf1 Bd7 32. Nc4 Be6 33. Rb1 Rdd8
34. Rb7+ Kg8 35. h3 h5 36. Rc7 Rc8 37. Ra7 Rc6 38. Kh2 Bxc4 39. dxc4 Rf8 40.
Kg3 Rg6+ 41. Kh4 f4 42. Kxh5 Rff6 43. Re2 Rh6+ 44. Kg4 Rhg6+ 45. Kf3 Rg3+ 46.
Kf2 Re3 47. Rd2 Ra3 48. Re2 Re3 1/2-1/2

[Event "21st World Senior Chess Championship"]
[Site "Rijeka"]
[Date "2011.11.24"]
[Round "9.26"]
[White "Ivanets, Vladimir"]
[Black "Srebrnic, Vojko"]
[Result "1/2-1/2"]
[WhiteElo "2192"]
[BlackElo "2261"]
[PlyCount "80"]
[EventDate "2011.11.24"]

1. Nf3 g6 2. c4 c5 3. Nc3 Bg7 4. g3 Nc6 5. Bg2 d6 6. O-O e5 7. d3 Nge7 8. Bd2
O-O 9. a3 Rb8 10. Rb1 a6 11. b4 cxb4 12. axb4 b5 13. cxb5 axb5 14. Qc1 d5 15.
Bh6 Qd6 16. Bxg7 Kxg7 17. Qb2 f6 18. Nd2 Be6 19. f4 Nf5 20. Nxd5 Bxd5 21. e4
Bxe4 22. Bxe4 Qd4+ 23. Kh1 Qxb2 24. Rxb2 Ncd4 25. fxe5 fxe5 26. Re1 Rbc8 27.
Nb3 Nxb3 28. Rxb3 Nd4 29. Rb2 Rc2 30. Rxc2 Nxc2 31. Re2 Rf1+ 32. Kg2 Rc1 33.
Kh3 Kf6 34. Rf2+ Kg5 35. Rf7 Ra1 36. Rxh7 Nxb4 37. Re7 Kf6 38. Rb7 Ra6 39. Rxb5
Nc2 40. Rb2 Nd4 1/2-1/2

[Event "21st World Senior Chess Championship"]
[Site "Rijeka"]
[Date "2011.11.24"]
[Round "9.29"]
[White "Grabow, Pouelsten Holm"]
[Black "Fradkin, Boris"]
[Result "0-1"]
[WhiteElo "2181"]
[BlackElo "2445"]
[PlyCount "59"]
[EventDate "2011.11.24"]

1. d4 Nf6 2. c4 e6 3. Nc3 Bb4 4. Qc2 O-O 5. a3 Bxc3+ 6. Qxc3 d6 7. Nf3 Nbd7 8.
Bg5 h6 9. Bxf6 Nxf6 10. e3 Qe7 11. Be2 Re8 12. O-O e5 13. b4 Bg4 14. h3 Bh5 15.
Ra2 e4 16. Nh2 Bxe2 17. Rxe2 Qe6 18. d5 Qf5 19. g4 Qg6 20. Kh1 h5 21. Rg1 Re5
22. f4 exf3 23. Nxf3 Qe4 24. Rf1 hxg4 25. hxg4 Nxg4 26. Kg1 Rf5 27. Nd2 Rxf1+
28. Nxf1 Re8 29. Rg2 Re5 30. Nd2 0-1

[Event "21st World Senior Chess Championship"]
[Site "Rijeka"]
[Date "2011.11.24"]
[Round "9.31"]
[White "Vikulov, Alexander"]
[Black "Nordby, Bernt"]
[Result "1/2-1/2"]
[WhiteElo "2321"]
[BlackElo "2144"]
[PlyCount "70"]
[EventDate "2011.11.24"]

1. c4 g6 2. Nc3 Bg7 3. g3 Nf6 4. Bg2 O-O 5. d3 d6 6. e3 Nc6 7. Nge2 e5 8. Rb1
a5 9. a3 Be6 10. Nd5 Qd7 11. Nec3 Ne8 12. O-O Bh3 13. b4 Bxg2 14. Kxg2 axb4 15.
axb4 f5 16. f4 Nf6 17. Bb2 Nxd5 18. Nxd5 Ne7 19. Qf3 Nxd5 20. Qxd5+ Qf7 21.
Qxf7+ Rxf7 22. Ra1 Rff8 23. Rxa8 Rxa8 24. Ra1 Rxa1 25. Bxa1 exf4 26. Bxg7 f3+
27. Kxf3 Kxg7 28. e4 Kf6 29. exf5 Kxf5 30. d4 g5 31. g4+ Ke6 32. Ke4 c6 33. d5+
cxd5+ 34. cxd5+ Kf6 35. Kd4 b5 1/2-1/2

[Event "21st World Senior Chess Championship"]
[Site "Rijeka"]
[Date "2011.11.24"]
[Round "9.32"]
[White "Harestad, Thor Geir"]
[Black "Jacobsen, Bo"]
[Result "1/2-1/2"]
[WhiteElo "2172"]
[BlackElo "2317"]
[PlyCount "87"]
[EventDate "2011.11.24"]

1. d4 Nf6 2. c4 c5 3. d5 e5 4. Nc3 d6 5. g3 g6 6. Bg2 Bg7 7. e4 O-O 8. Nge2 a6
9. O-O Bd7 10. a4 Qc8 11. a5 Bh3 12. f3 Bxg2 13. Kxg2 Nbd7 14. Qd3 h5 15. Be3
Nh7 16. Na4 f5 17. Rab1 h4 18. b4 f4 19. Bd2 fxg3 20. hxg3 Rf7 21. Rh1 hxg3 22.
Nxg3 cxb4 23. Rxb4 Nc5 24. Nxc5 Qxc5 25. Rb3 Raf8 26. Qe2 Qc7 27. Rc1 Bf6 28.
c5 dxc5 29. Rb6 Kg7 30. d6 Qd7 31. Rxc5 Bd8 32. Rb3 Qxd6 33. Rxe5 Bc7 34. f4
Qc6 35. Rd5 Nf6 36. Bc3 Re8 37. Qd3 Kg8 38. Be5 Bxe5 39. fxe5 Nxd5 40. exd5 Qc5
41. Qxg6+ Kf8 42. Qh6+ Kg8 43. Qg6+ Kf8 44. Qh6+ 1/2-1/2

[Event "21st World Senior Chess Championship"]
[Site "Rijeka"]
[Date "2011.11.24"]
[Round "9.33"]
[White "Welz, Peter Dr"]
[Black "Ruckschloss, Karol"]
[Result "1/2-1/2"]
[WhiteElo "2164"]
[BlackElo "2297"]
[PlyCount "34"]
[EventDate "2011.11.24"]

1. e4 d5 2. exd5 Qxd5 3. Nc3 Qa5 4. d4 c6 5. Nf3 Bg4 6. h3 Bh5 7. Bc4 Nf6 8. g4
Bg6 9. Bd2 Qc7 10. Bb3 Nbd7 11. Qe2 e6 12. Ne5 Nxe5 13. dxe5 Nd5 14. O-O-O
O-O-O 15. f4 h5 16. Ne4 Be7 17. a3 Qb6 1/2-1/2

[Event "21st World Senior Chess Championship"]
[Site "Rijeka"]
[Date "2011.11.24"]
[Round "9.34"]
[White "Buxade Roca, Guillermo"]
[Black "Trois, Francisco R T"]
[Result "1/2-1/2"]
[WhiteElo "2165"]
[BlackElo "2275"]
[PlyCount "25"]
[EventDate "2011.11.24"]

1. c4 Nf6 2. Nc3 e5 3. g3 Bb4 4. Nf3 e4 5. Nd4 Nc6 6. Nc2 Bxc3 7. dxc3 h6 8.
Bg2 O-O 9. O-O Re8 10. Ne3 d6 11. b3 a5 12. a4 Rb8 13. Ra2 1/2-1/2

[Event "21st World Senior Chess Championship"]
[Site "Rijeka"]
[Date "2011.11.24"]
[Round "9.35"]
[White "Sinelnikov, Igor"]
[Black "Wittmann, Walter"]
[Result "0-1"]
[WhiteElo "2162"]
[BlackElo "2269"]
[PlyCount "80"]
[EventDate "2011.11.24"]

1. e4 c5 2. Nc3 Nc6 3. g3 g6 4. Bg2 Bg7 5. Nge2 d6 6. O-O e6 7. d3 Nge7 8. Be3
Nd4 9. Qd2 O-O 10. Nf4 Rb8 11. h4 b5 12. Nd1 e5 13. Nd5 Nxd5 14. exd5 Nf5 15.
c3 Bd7 16. b4 Nxe3 17. Qxe3 Rc8 18. Rb1 a5 19. Qd2 f5 20. Re1 Rf7 21. Bh3 Qc7
22. Re2 h5 23. bxa5 Qxa5 24. c4 b4 25. f3 Kh7 26. Rg2 Bh6 27. Qe2 Rcf8 28. Nf2
Qd8 29. Rh2 Qf6 30. Kh1 Kh8 31. Rg1 Qe7 32. g4 Bf4 33. Rgg2 Bxh2 34. Rxh2 fxg4
35. fxg4 hxg4 36. Nxg4 Rf3 37. Qe4 Kg7 38. h5 Qg5 39. h6+ Kh8 40. h7 Qc1+ 0-1

[Event "21st World Senior Chess Championship"]
[Site "Rijeka"]
[Date "2011.11.24"]
[Round "9.36"]
[White "Gruzmann, Boris"]
[Black "Rakhimberdiyev, Atalyk"]
[Result "1-0"]
[WhiteElo "2268"]
[BlackElo "2120"]
[PlyCount "59"]
[EventDate "2011.11.24"]

1. e4 c5 2. Nf3 d6 3. d4 cxd4 4. Nxd4 Nf6 5. Nc3 a6 6. f4 Qc7 7. a4 b6 8. Bd3
g6 9. O-O Qc5 10. Kh1 Bg7 11. Nb3 Qc7 12. e5 dxe5 13. fxe5 Qxe5 14. Qf3 Qc7 15.
Qxa8 Nc6 16. Bxa6 O-O 17. Bxc8 Rxc8 18. Qa6 Ng4 19. Bf4 e5 20. Nd5 Qd8 21. Bg5
f6 22. Nxf6+ Nxf6 23. Bxf6 Bxf6 24. Rxf6 Nb4 25. Qxb6 Qe7 26. Qe6+ Qxe6 27.
Rxe6 Rxc2 28. Rxe5 Rxb2 29. Nc5 Nc2 30. Re2 1-0

[Event "21st World Senior Chess Championship"]
[Site "Rijeka"]
[Date "2011.11.24"]
[Round "9.39"]
[White "Weisenburger, Horst"]
[Black "Dragasevic, Srdja"]
[Result "1/2-1/2"]
[WhiteElo "2151"]
[BlackElo "2256"]
[PlyCount "41"]
[EventDate "2011.11.24"]

1. f4 d5 2. Nf3 Nf6 3. g3 g6 4. Bg2 Bg7 5. d3 O-O 6. O-O c6 7. Qe1 Qb6+ 8. e3
Na6 9. Nc3 Nb4 10. Qe2 a5 11. a3 Na6 12. h3 Bd7 13. Kh2 Rad8 14. g4 Bc8 15. Bd2
Qc7 16. Be1 Nc5 17. Bg3 Qb6 18. Rab1 Rfe8 19. Bf2 Qc7 20. Bg3 Qb6 21. Bf2
1/2-1/2

[Event "21st World Senior Chess Championship - w"]
[Site "Opatija"]
[Date "2011.11.24"]
[Round "9.1"]
[White "Bilunova, Rimma I"]
[Black "Melashvili, Nino"]
[Result "1/2-1/2"]
[WhiteElo "2151"]
[BlackElo "2106"]
[PlyCount "109"]
[EventDate "2011.11.24"]

1. e4 c6 2. d4 d5 3. Nc3 dxe4 4. Nxe4 Nd7 5. Bc4 Ngf6 6. Ng5 e6 7. N1f3 Bd6 8.
Qe2 Nb6 9. Bb3 O-O 10. O-O Qc7 11. Ne4 Be7 12. Nxf6+ Bxf6 13. c3 Nd5 14. Ne5
Be7 15. Bc2 c5 16. Qd3 f5 17. a3 b5 18. Re1 Rb8 19. Bd2 a5 20. Rac1 Ba6 21. Bb1
Bd6 22. Qh3 Rbc8 23. g4 Bxe5 24. Rxe5 cxd4 25. Rxe6 Nf4 26. Bxf4 Qxf4 27. Rce1
dxc3 28. bxc3 Bb7 29. Bxf5 h6 30. Re7 Qd2 31. Qe3 Qxe3 32. R1xe3 Rb8 33. Bd7
Bd5 34. Re8 Rb7 35. Rxf8+ Kxf8 36. Bf5 Rc7 37. Bg6 Rc8 38. f3 Bf7 39. Bxf7 Kxf7
40. Kf2 Rc4 41. h4 Kf6 42. Ke2 Ra4 43. Kd2 Rxa3 44. Re8 b4 45. cxb4 axb4 46.
Rb8 Rb3 47. f4 Ke6 48. Kc2 Rc3+ 49. Kd2 Rb3 50. Rb6+ Kd5 51. Rg6 Rh3 52. Rxg7
Rxh4 53. Kc2 Kc4 54. Rc7+ Kd4 55. Rg7 1/2-1/2